000 00749nam a22002897a 4500
008 130424b xxu||||| |||| 00| 0 eng d
020 _a
024 _cavailable
037 _cavailable
040 _aMbstu library
_dMbstu library
082 _222
_a540.3 HAW
100 _aLewis, Richard J
110 _a
245 _aHawleys Condensed Chemical Dictionary
250 _a13th edition
260 _aNew Delhi
_bGalotia Publication
_c2008
300 _a25 cm
_bxv,1229 cm
_f03
_g25 cm
600 _aChemical Dictionary
610 _a
651 _a
700 _a Lewis Richard J
710 _a
270 _aNew Delhi
_bNew Delhi
_dIndia
365 _b1390.00
_c
_d1390.00
942 _2ddc
_cBK
999 _c216
_d216